00562 2200205 4500001002100000005001500021035002000036007000300056008004100059020002200100082001100122084001700133100002400150245007700174250001000251260003900261300002900300650001800329990000900347INLIS00000000000065420171012123001 a0010-1017000208ta171012 f 0 ind  a978-979-25-4762-7 a297.57 a297.57 GHO r0 aGhofur, Saiful Amin1 aRoad To God :bKisah Para Mualaf Merengkuh Hidayah /cSaiful Amin Ghofur acet.2 aYogyakarta :bAr Ruzz Media,c2013 a440hlm ;c13.5 x 20.5 cm aAgama, Mualaf a3353